Normal view
MARC view
Entry Término temático
001 - NÚMERO DE CONTROL
- campo de control: 56813
003 - IDENTIFICADOR DEL NÚMERO DE CONTROL
- campo de control: OSt
005 - FECHA Y HORA DE LA ÚLTIMA TRANSACCIÓN
- campo de control: 20200615034827.0
008 - DATOS DE LONGITUD FIJA
- campo de control de longitud fija: 200615|| aca||aabn | a|a d
040 ## - FUENTE DE LA CATALOGACIÓN
- Centro catalogador/agencia de origen: OSt
- Centro/agencia transcriptor: OSt
150 ## - ENCABEZAMIENTO--TÉRMINO DE MATERIA
- Término de materia o nombre geográfico como elemento de entrada: POLÍTICA EDUCATIVA
- Subdivisión geográfica: REPÚBLICA DOMINICANA
- Subdivisión cronológica: 1989-2005
670 ## - FUENTE DE DATOS ENCONTRADOS
- Cita de la fuente: Work cat.: (OSt)29615: República Dominicana Secretaría de Estado de Educación Superior, Ciencia y Tecnología 18778, Informe general sobre estadísticas de educación superior 1989-2005., 2006.
